Normal view
MARC view
Entry Personal Name
001 - CONTROL NUMBER
- control field: 1701
003 - CONTROL NUMBER IDENTIFIER
- control field: ARRUPE
005 - DATE AND TIME OF LATEST TRANSACTION
- control field: 20130927165415.0
008 - FIXED-LENGTH DATA ELEMENTS
- fixed length control field: 130927|| aca||aabn | a|a d
040 ## - CATALOGING SOURCE
- Original cataloging agency: ARRUPE
- Transcribing agency: ARRUPE
100 ## - HEADING--PERSONAL NAME
- Personal name: Bonaventure,
- Titles and other words associated with a name: Saint, Cardinal,
- Dates associated with a name: approximately 1217-1274.
670 ## - SOURCE DATA FOUND
- Source citation: Work cat.: (ARRUPE)0: Hayes, Zachary. 1698, The hidden center :, c1981.